Musiciens des rues de Paris (Record no. 169974)
[ view plain ]
| 000 -LEADER | |
|---|---|
| campo de control de longitud fija | 00778nam a2200217 i 4500 |
| 001 - NÚMERO DE CONTROL | |
| campo de control | 169974 |
| 003 - IDENTIFICADOR DE NÚMERO DE CONTROL | |
| campo de control | ES-MaACL |
| 005 - FECHA Y HORA DE LA ÚLTIMA TRANSACCIÓN | |
| campo de control | 20230906214245.0 |
| 008 - DATOS DE LONGITUD FIJA--INFORMACIÓN GENERAL | |
| campo de control de longitud fija | 090102s1997 fr aeo |||| | fre d |
| 020 ## - NÚMERO INTERNACIONAL ESTÁNDAR DEL LIBRO | |
| Número Internacional Estándar del Libro | 2-7118-3562-6 |
| 080 ## - NÚMERO DE LA CLASIFICACIÓN DECIMAL UNIVERSAL | |
| Número de la Clasificación Decimal Universal | 78(44) |
| 245 00 - MENCIÓN DEL TÍTULO | |
| Título | Musiciens des rues de Paris |
| Resto del título | : [exposition au] Musée National des Arts et Traditions Populaires, 18 novembre 1997-27 avril 1998. |
| 260 ## - PUBLICACIÓN, DISTRIBUCIÓN, ETC. | |
| Lugar de publicación, distribución, etc. | Paris : |
| Nombre del editor, distribuidor, etc. | ATP : |
| -- | Réunion des Musées Nationaux, |
| Fecha de publicación, distribución, etc. | 1997. |
| 300 ## - DESCRIPCIÓN FÍSICA | |
| Extensión | 141 p. : |
| Otras características físicas | il. col. y n., fot., planos ; |
| Dimensiones | 27 cm. |
| 500 ## - NOTA GENERAL | |
| Nota general | Índice. |
| 504 ## - NOTA DE BIBLIOGRAFÍA, ETC. | |
| Nota de bibliografía, etc. | Bibliografía. |
| 650 #4 - PUNTO DE ACCESO ADICIONAL DE MATERIA--TÉRMINO DE MATERIA | |
| Término de materia o nombre geográfico como elemento de entrada | Música- |
| Subdivisión geográfica | Francia. |
| 9 (RLIN) | 15390 |
| 651 #4 - PUNTO DE ACCESO ADICIONAL DE MATERIA--NOMBRE GEOGRÁFICO | |
| Nombre geográfico | París- |
| Subdivisión general | Descripción. |
| 9 (RLIN) | 9207 |
| 651 #4 - PUNTO DE ACCESO ADICIONAL DE MATERIA--NOMBRE GEOGRÁFICO | |
| Nombre geográfico | Paris- |
| Subdivisión general | Calles. |
| 9 (RLIN) | 137295 |
| 852 ## - LOCALIZACIÓN | |
| Ubicación | ES-MaACL |
| Número de control de estantería | E-12372 |
| Nota libre | .- Biblioteca Jacinto Martínez Lacalle |
| Estatus retirado | Estado de pérdida | Estado de daño | No para préstamo | Biblioteca de origen | Biblioteca actual | Ubicación en estantería | Fecha de adquisición | Fuente de adquisición | Total de préstamos | Signatura topográfica completa | Código de barras | Visto por última vez | Precio de reemplazo | Tipo de ítem Koha |
|---|---|---|---|---|---|---|---|---|---|---|---|---|---|---|
| Biblioteca del Ateneo de Madrid | Biblioteca del Ateneo de Madrid | Depósito 2 | 02/01/2009 | E-12372 | 1178455 | 23/02/2023 | 23/02/2023 | Libro impreso |
